000
00259nam a2200109Ia 4500
005
20251222154410.0
008
251222s9999||||xx |||||||||||||| ||spa||
020
_a
874-348-3371-9
082
_a
363.7285/B22
245
0
_a
Los residuos radioactivos
942
_c
LIB
999
_c
35611
_d
35611